=LDR 00000nam 2200000 4500 =001 INLIS000000000033843 =005 20130612135757 =008 ***********************************ind** =035 ##$$0010-061300000033843 =041 ##$$a ind =082 ##$$a 650 =090 ##$$a 650, Ant, d =100 ##$$a Antoniak, Michael =245 ##$$a The 21st century entrepreneur, memulai bisnis dari rumah, Michael Antoniak penerjemah Victor H. Damanik editor agus salim =260 ##$$a 2009 $b bandung =300 ##$$a 300 hlm, ilus, 24 cm =650 ##$$a Bisnis, Rumah =650 ##$$a Damanik, Victor H =650 ##$$a Salim, agus =850 ##$$a NBPNMAT =990 ##$$a 2090100560/BPAP-NTB/2015